| 000 | 01287cab a22002295a 4500 | ||
|---|---|---|---|
| 001 | L148335 | ||
| 008 | 090907s2009 xxkd f s 000 0 eng d | ||
| 035 | _a(Sirsi) u148335 | ||
| 041 | 0 | _aeng | |
| 110 | 2 |
_aKnight Frank _91530 |
|
| 245 | 0 | 0 |
_aPrime London prices rise for fifth month leading to sales volume boom _h[electronic resource] |
| 260 | _c2009 | ||
| 490 | 0 |
_aKnight Frank Prime Central London Residential Index _v(09pr387) August 2009 |
|
| 520 | _aPresents August 2009 results of the Knight Frank Prime Central London Residential Index survey. Reports an increase of 1% for the fifth consecutive month in prices for residential properties in Central London. Suggests that sales volume has increased by 90% since January 2008 and by 234% compared with August 2008. Areas where prices increased the most are Chelsea, Kensington and St John's Wood. | ||
| 521 | _aAdvanced | ||
| 590 | _aKA NTK | ||
| 650 | 2 | 4 | _aKNIGHT FRANK PRIME CENTRAL LONDON RESIDENTIAL INDEX |
| 651 | 4 |
_aUnited Kingdom _y |
|
| 690 | _aPROPERTY-RESIDENTIAL PROPERTY-RESIDENTIAL PROPERTY MARKET | ||
| 856 | 4 | 0 |
_uhttps://www.knightfrank.co.uk/news/Prime-London-prices-rise-for-fifth-month-leading-to-sales-volume-boom-048.aspx _zView the news release free of charge at www.knightfrank.co.uk... |
| 942 | _n0 | ||
| 999 |
_c81795 _d81795 |
||